000 00552nam a2200241 a 4500
001 nice12345678
003 IN_TiNIC
005 20260116011724.0
008 050524s1945 lona grp 000 0 eng
020 _a
_c100
082 0 0 _a231
_bTAY
100 _aTaylor, A E
245 _aDoes God Exist?
260 _aLondon
_bFontana Books
_c1945
300 _a190p
500 _aincludes index and biblioraphy
505 2 _aIndex
650 _aGod-Biblical Teaching
700 1 _aTaylor, A E
902 _bSRS
942 _cBK
999 _c3540
_d3540